000 00869nam a2200253Ia 4500
003 OSt
005 20220923222111.0
006 a|||||r|||| 00| 0
007 ta
008 220922b |||||||| |||| 00| 0 hin d
024 _a203,051
037 _cTextual
040 _aARTS
_cARTS
_bhin
041 _2hin
_ahin
082 _aO157,20j3M72x, 152L2
100 _aअरंविद; अनुबन, अनु.
245 0 _aनाटक और कहानियां
246 _aNāṭak aur kahāniyāan
260 _aपांडिचेरी
_b श्री अरंविद सोसायटी
_c1972
300 _a783पृ.
_ccm.
650 _aबंगाली साहित्य
_9156264
942 _hO157,20j3M72x, 152L2
_cTEXL
_2CC
999 _c353832
_d353832